Το τέλος της ιστορίας και ο τελευταίος άνθρωπος

Αποθηκεύτηκε σε:
Λεπτομέρειες βιβλιογραφικής εγγραφής
Κύριος συγγραφέας: Fukuyama, Francis
Άλλοι συγγραφείς: Φακατσέλης, Αχιλλέας (Μεταφραστής)
Μορφή: Βιβλίο
Γλώσσα:Greek
English
Δημοσίευση: ΑΘήνα : Λιβάνης, c1993.
Σειρά:Φιλοσοφία (Εκδοτικός Οργανισμός Λιβάνη)
Θέματα:
Ετικέτες: Προσθήκη ετικέτας
Δεν υπάρχουν, Καταχωρήστε ετικέτα πρώτοι!

MARC

LEADER 00000cam a2200000 i 4500
001 1/32059
008 001120s1993 gr | ||| |||| ||gre||
020 |a 960236307X 
035 |l 10069270 
040 |a GR-MyUA  |b gre  |e AACR2 
041 1 |a gre  |h eng 
082 7 |a 901   |2 (22) 
100 1 |a Fukuyama, Francis. 
245 1 3 |a Το τέλος της ιστορίας και ο τελευταίος άνθρωπος /   |c Francis Fukuyama ; μετάφραση απο τα αγγλικά: Αχιλλέας Φακατσέλης.  
260 |a ΑΘήνα :   |b Λιβάνης,   |c c1993.  
300 |a 453 σ. ;   |c 21 εκ.  
490 1 |a (Φιλοσοφία / Εκδοτικός Οργανισμός Λιβάνη)  
500 |a Μετάφραση από τα Αγγλικά.  
500 |a Τίτλος πρωτοτύπου: The end of history and the last man.  
504 |a Περιέχει βιβλιογραφία.  
650 0 0 |a World politics  |y 20th century. 
650 0 0 |a History  |x Philosophy. 
700 1 |a Φακατσέλης, Αχιλλέας,  |e trl 
765 0 8 |i Μετάφραση του:   |t The end of history and the last man /  
830 0 |a Φιλοσοφία (Εκδοτικός Οργανισμός Λιβάνη) 
852 |a INST  |b LESVOS  |e 20030129  |h 901 FUK  |p 005100026951  |q 005100026951  |t BK  |y 0 
852 |a INST  |b LESVOS  |e 20001120  |h 901 FUK  |p 005100029533  |q 005100029533  |t BK  |y 0 
852 |a INST  |b RHODES  |e 20231010  |h 901 FUK  |p 005400043833  |q 005400043833  |t BK  |y 0 
901 |a BIBL1-2003-2 
901 |a BIBL1-2000-3 
909 |a Λ  |b 103575 
909 |a Λ  |b 082284 
922 |a 1ΕΛΗ  |b 200212  |c ΤΑΚ/ΚΥΒ  |d ΕΙΡΜΟΣ 
922 |a 1ΕΛΗ  |b 200011  |c ΤΑΚ/ΠΤΕ  |d ΠΑΠΑΣΩΤΗΡΙΟΥ 
950 |a 023-2002-11-29 
950 |a 185-2000-07-07 
970 |a ΜΟΥΣΤΑΚΑ  |b ΠΗΝΕΛΟΠΗ  |z 2000/11/20